Biblioteca

Días de escuela (Registro nro. 67221)

Detalles MARC
000 -LÍDER
Campo fijo de descripción fija 00788nam a2200241 i 4500
001 - NÚMERO DE CONTROL
Campo de control BINCO
003 - IDENTIFICADOR DEL NÚMERO DE CONTROL
Campo de control CO-MdBIC
005 - FECHA Y HORA DE LA ULTIMA TRANSACCIÓN
control field 20220215181417.0
008 - ELEMENTOS DE LONGITUD FIJA -- INFORMACIÓN GENERAL
Campo fijo de descripción fija -- Información general 220215t1990 -usa|||| |||| 00| 0 spa d
020 ## - NÚMERO INTERNACIONAL NORMALIZADO PARA LIBROS
Número Internacional Normalizado del libro 0590485261
040 ## - FUENTE DE CATALOGACIÓN
Agencia de catalogación original CO-MdBIC
Idioma de catalogación spa
Agencia que realiza la transcripción CO-MdBIC
Agencia que realiza la modificación CO-MdBIC
041 ## - CÓDIGO DE IDIOMA
Código de idioma para texto/pista de sonido o título separado spa
082 ## - NÚMERO DE CLASIFICACIÓN DECIMAL DEWEY
Número de la edición del Dewey 22
Número de clasificación 813C
Clave de autor-Numero de item H418
100 ## - ASIENTO PRINCIPAL--NOMBRE PERSONAL
Nombre personal Hennessy, B.G.
245 #0 - TÍTULO
Título del Material Días de escuela
Mención de responsabilidad, etc. / B.G. Hennessy ; Tracey Campbell Pearson ilustrador
260 #1 - PUBLICACIÓN, DISTRIBUCIÓN, ETC. (PIE DE IMPRENTA)
Lugar de publicación, distribución, etc. New York, Estados Unidos :
Nombre del editor, distribuidor, etc. Scholastic,
Fecha de publicación, distribución, etc. [1995]
264 #4 - PRODUCCIÓN, PUBLICACIÓN, DISTRIBUCIÓN, MANUFACTURA, Y COPYRIGHT
Fecha de producción, publicación, distribución, manufactura, o copyright © 1995
300 ## - DESCRIPCIÓN FÍSICA
Extensión 30 páginas ;
Otros detalles físicos ilustrado a color :
Dimensiones 18 cm.
505 ## - NOTA DE CONTENIDO
Nota de contenido con formato preestablecido El texto y las ilustraciones describen los rostros y objetos familiares de un día en la escuela.
650 ## - ASIENTO SECUNDARIO DE MATERIA - TERMINO TEMÁTICO
Subdivisión de forma Vida en escuela
700 ## - ASIENTO SECUNDARIO - NOMBRE PERSONAL
Nombre personal Tracy Campbell,
Fechas asociadas con el nombre 1962-
Responsabilidad ilustrador
942 ## - TIPO DE MATERIAL (KOHA)
Tipo de Item KOHA Z- Libro General BINCO
Existencias
Estado de Material Estado de Perdido Forma de Clasificación Estado de Dañado No para Préstamo Colección Biblioteca de Origen Biblioteca Permanente Fecha de Adquisición Área Total de Préstamos Signatura Topográfica Código de Barras Última vez visto Ejemplar/Existencia Fecha de Remplazo Tipo de Material
    Dewey Decimal Classification     Colección General Biblioteca Infantil Comunitaria BINCO Biblioteca Infantil Comunitaria BINCO 15/02/2022 BINCO   813C H418 B33237 15/02/2022 ej.1 15/02/2022 Z- Libro General BINCO
    Dewey Decimal Classification     Colección General Biblioteca Infantil Comunitaria BINCO Biblioteca Infantil Comunitaria BINCO 15/02/2022 BINCO   813C H418 B33238 15/02/2022 ej.2 15/02/2022 Z- Libro General BINCO
    Dewey Decimal Classification     Colección General Biblioteca Infantil Comunitaria BINCO Biblioteca Infantil Comunitaria BINCO 15/02/2022 BINCO   813C H418 B33239 15/02/2022 ej.3 15/02/2022 Z- Libro General BINCO
    Dewey Decimal Classification     Colección General Biblioteca Infantil Comunitaria BINCO Biblioteca Infantil Comunitaria BINCO 15/02/2022 BINCO   813C H418 B33240 15/02/2022 ej,4 15/02/2022 Z- Libro General BINCO
    Dewey Decimal Classification     Colección Junior Biblioteca Infantil Comunitaria BINCO Biblioteca Infantil Comunitaria BINCO 01/03/2022 BINCO   813C H418 B30792 01/03/2022 ej.5 01/03/2022 Z- Libro General BINCO

Biblioteca FUSBC | Teléfono: (57+4) 349 88 10 Ext. 141| WhatsApp (+57) 3005338115 
E-mail: biblioteca@unisbc.edu.co | Calle 76 87-14 Robledo Palenque, Medellín, Colombia

Con tecnología Koha